Start a Successful Small Business: (Record no. 133)

MARC details
000 -LEADER
fixed length control field 00580nam a22002057a 4500
005 - DATE AND TIME OF LATEST TRANSACTION
control field 20240305085008.0
008 - FIXED-LENGTH DATA ELEMENTS--GENERAL INFORMATION
fixed length control field 230119b |||||||| |||| 00| 0 eng d
020 ## - INTERNATIONAL STANDARD BOOK NUMBER
International Standard Book Number 9781444174496 (pbk)
020 ## - INTERNATIONAL STANDARD BOOK NUMBER
International Standard Book Number 144474495 (pbk)
040 ## - CATALOGING SOURCE
Original cataloging agency KMU
Transcribing agency KMU
050 ## - LIBRARY OF CONGRESS CALL NUMBER
Classification number HD 62.5 Hug 2013
100 ## - MAIN ENTRY--PERSONAL NAME
Personal name Hughes,Vera
245 ## - TITLE STATEMENT
Title Start a Successful Small Business:
Remainder of title /
Statement of responsibility, etc. Vera Hughes and David Weller.
250 ## - EDITION STATEMENT
Edition statement Revised Edition.
260 ## - PUBLICATION, DISTRIBUTION, ETC.
Place of publication, distribution, etc. UK:
Name of publisher, distributor, etc. Holder and Stoughton,
Date of publication, distribution, etc. 2013.
300 ## - PHYSICAL DESCRIPTION
Extent 289 pages.:
Other physical details ill.;
Dimensions 19cm.
650 ## - SUBJECT ADDED ENTRY--TOPICAL TERM
Topical term or geographic name entry element Business.
700 ## - ADDED ENTRY--PERSONAL NAME
Personal name Weller,David.
942 ## - ADDED ENTRY ELEMENTS (KOHA)
Source of classification or shelving scheme Library of Congress Classification
Koha item type Non-Fiction
Suppress in OPAC No
Holdings
Withdrawn status Lost status Source of classification or shelving scheme Damaged status Not for loan Collection Home library Current library Shelving location Date acquired Source of acquisition Total Checkouts Total Renewals Full call number Barcode Date last seen Date last checked out Price effective from Koha item type
    Library of Congress Classification     Non-fiction Kapasa Makasa University Kapasa Makasa University Open Access 19.01.2023 Book Aid International 4 3 HD 62.5 Hug 2013 747905 16.06.2025 15.05.2025 19.01.2023 Non-Fiction
    Library of Congress Classification     Non-fiction Kapasa Makasa University Kapasa Makasa University Open Access 19.01.2023 Book Aid International 4   HD 62.5 Hug 2013 747906 11.06.2024 04.06.2024 19.01.2023 Non-Fiction